| 000 | 00884nam a2200253 i 4500 | ||
|---|---|---|---|
| 003 | DO-SdBNP | ||
| 005 | 20230427102723.0 | ||
| 007 | ta | ||
| 008 | 210720b 2018 dr 00| 0 eng d | ||
| 020 | _a9789945871463 | ||
| 040 |
_aDO-SdBNP _bspa _cBNPHU _erda |
||
| 082 | 4 | _222 | |
| 100 | 1 |
_aContreras Sánchez, Simón (La France) _979313 |
|
| 245 | 1 | 4 |
_aLos secretos ocultos de los magi : _bLa diosa serpiente / _cSimón Contreras Sánchez (La France) ; corrección Lilliam Hiraldo. |
| 264 |
_aSanto Domingo : _bCuesta-Veliz, _c2018. |
||
| 300 |
_a105 páginas ; _c22 cm. |
||
| 336 |
_2rdacontent _atexto _btxt |
||
| 337 |
_2rdamedia _asin mediación _bn |
||
| 338 |
_2rdacarrier _avolumen _bnc |
||
| 500 | _aIncluye referencias bibliográficas y notas al pie de las páginas | ||
| 590 | _aInventariado, 2021 /LP | ||
| 700 | 1 |
_aHiraldo, Lilliam, _ecorrección _979314 |
|
| 942 |
_2ddc _cLBS1 |
||
| 999 |
_c50150 _d50150 |
||